[Event "Quebec op"]
[Site "Montreal"]
[Date "1987.07.30"]
[Round "5"]
[White "Mongeau, Diane"]
[Black "Audet, Jean Marc"]
[Result "1-0"]
[WhiteElo "1797"]
[BlackElo "1604"]
[PlyCount "91"]
[EventDate "1987.07.26"]
[EventType "swiss"]
[EventRounds "8"]
[EventCountry "CAN"]
[SourceTitle "EXT 2022"]
[Source "ChessBase"]
[SourceDate "2021.10.06"]
[SourceVersion "1"]
[SourceVersionDate "2021.10.06"]
[SourceQuality "1"]

1. d4 Nf6 2. c4 d6 3. Nc3 g6 4. g3 Bg7 5. Bg2 0-0 6. e3 c5 7. Nf3 Nc6 8. 0-0 a6 9. h3 Rb8 10. a4 cxd4 11. exd4 Bd7 12. Be3 e6 13. Qe2 Qc8 14. Kh2 Re8 15. Rac1 Qd8 16. Rfd1 h6 17. b3 Qe7 18. a5 Kh7 19. Qd2 d5 20. c5 g5 21. Na4 Ne4 22. Qe1 Rg8 23. Nd2 Nxd4 24. Bxe4+ dxe4 25. Bxd4 Bxd4 26. Qxe4+ f5 27. Qxd4 Rgd8 28. Qe5 Bc6 29. Nb6 Rd3 30. Ndc4 Rbd8 31. Rxd3 Rxd3 32. Nd6 f4 33. Re1 fxg3+ 34. fxg3 Rd2+ 35. Re2 Rd1 36. Qf5+ Kg7 37. Qe5+ Kg8 38. g4 Rh1+ 39. Kg3 Rg1+ 40. Kf2 Rg2+ 41. Ke1 Rg1+ 42. Kd2 Rg2 43. Rxg2 Bxg2 44. Nbc8 Qd7 45. Qf6 Be4 46. Ne7+ 1-0